000 00859cad a22002055a 4500
001 E152880
008 110510s2009 xxk f 000 0 eng d
035 _a(Sirsi) u152880
041 0 _aeng
100 1 _aHalliday, Sandy
245 0 0 _aIndoor air quality and energy efficiency in traditional buildings
_h[electronic resource]
260 _aEdinburgh
_bHistoric Scotland
_c2009
490 0 _aHistoric Scotland Technical Paper
_v(6)
520 _aLooks at information available on indoor air quality and energy efficiency in traditional buildings.
590 _aKA
651 4 _aScotland
_y1999-
690 _aENVIRONMENTAL AND LAND CONSULTANCY-ENERGY-ENERGY USE-ENERGY EFFICIENCY
856 4 0 _uhttps://www.historic-scotland.gov.uk/publicationsresultsdetail.htm?id=4dc88ed01e
_zView the report free of charge at www.historic-scotland.gov.uk
942 _n0
999 _c112245
_d112245